Catalog

Record Details

Catalog Search



Das Verständnis der Tradition bei Paulus und in den Deuteropaulinen  Cover Image Book Book

Das Verständnis der Tradition bei Paulus und in den Deuteropaulinen / KLaus Wegenast

Wegenast, Klaus (Author).

Record details

  • Physical Description: 179 s.
  • Publisher: Neukirchen Kreis Moers : Neukirchener Verlag , 1962

Available copies

  • 1 of 1 copy available at Common Catalog SPOK.

Holds

  • 0 current holds with 1 total copy.
Show Only Available Copies
Location Call Number / Copy Notes Barcode Shelving Location Status Due Date
ETS Library 227.02 424470020014 Volný výběr Available -

LDR nam a22 i 4500
00151864
003CZ-PrJAB
00520230607094805.0
007ta
008230127s1962 gw e 000 0 ger
040 . ‡aABG450 ‡bcze ‡erda
072 7. ‡a27 ‡xKřesťanství. Křesťanská církev všeobecně. Eklesiologie ‡2Konspekt ‡95
08214. ‡a227.02
1001 . ‡aWegenast, Klaus ‡4aut
24514. ‡aDas Verständnis der Tradition bei Paulus und in den Deuteropaulinen / ‡cKLaus Wegenast
264 1. ‡aNeukirchen Kreis Moers : ‡bNeukirchener Verlag , ‡c1962
300 . ‡a179 s.
336 . ‡atext ‡btxt ‡2rdacontent
338 . ‡asvazek ‡bnc ‡2rdacarrier
4901 . ‡aWissenschaftliche Monographien zum Alten und Neuen Testament 
910 . ‡aABG450
995 . ‡aska
901 . ‡a51864 ‡bAUTOGEN ‡c51864 ‡tbiblio

Additional Resources